<?xml version="1.0" encoding="UTF-8"?>
<record
    xmlns:xsi="http://www.w3.org/2001/XMLSchema-instance"
    xsi:schemaLocation="http://www.loc.gov/MARC21/slim http://www.loc.gov/standards/marcxml/schema/MARC21slim.xsd"
    xmlns="http://www.loc.gov/MARC21/slim">

  <leader>00421nam a2200145Ia 4500</leader>
  <controlfield tag="008">220530s9999    xx            000 0 und d</controlfield>
  <datafield tag="020" ind1=" " ind2=" ">
    <subfield code="a">97893515227886</subfield>
  </datafield>
  <datafield tag="040" ind1=" " ind2=" ">
    <subfield code="a">eng</subfield>
  </datafield>
  <datafield tag="100" ind1=" " ind2=" ">
    <subfield code="a">JOGINDER VATI</subfield>
    <subfield code="9">61601</subfield>
  </datafield>
  <datafield tag="245" ind1=" " ind2=" ">
    <subfield code="a">NURSING FOUNDATION:CONCEPTS AND PERSPCTIVES FOR POST BASIC BSC NURSING</subfield>
  </datafield>
  <datafield tag="250" ind1=" " ind2=" ">
    <subfield code="a">FIRST</subfield>
  </datafield>
  <datafield tag="260" ind1=" " ind2=" ">
    <subfield code="a">NAGPUR</subfield>
    <subfield code="b">JAYPEE PUBLICATION,NAGPUR</subfield>
    <subfield code="c">2015</subfield>
  </datafield>
  <datafield tag="300" ind1=" " ind2=" ">
    <subfield code="a">800</subfield>
  </datafield>
  <datafield tag="650" ind1=" " ind2=" ">
    <subfield code="a">NURSING FOUNDATION</subfield>
    <subfield code="9">61602</subfield>
  </datafield>
  <datafield tag="999" ind1=" " ind2=" ">
    <subfield code="c">2670</subfield>
    <subfield code="d">2670</subfield>
  </datafield>
  <datafield tag="952" ind1=" " ind2=" ">
    <subfield code="0">0</subfield>
    <subfield code="1">0</subfield>
    <subfield code="4">0</subfield>
    <subfield code="7">0</subfield>
    <subfield code="a">SNCN</subfield>
    <subfield code="b">SNCN</subfield>
    <subfield code="d">2019-06-01</subfield>
    <subfield code="e">TEXTBOOKPURCHASE JAYPEE BROTHERS INVOICE NO.1900018</subfield>
    <subfield code="g">351.75</subfield>
    <subfield code="l">0</subfield>
    <subfield code="p">SNCN-BK-2319</subfield>
    <subfield code="r">2022-05-31 00:00:00</subfield>
    <subfield code="w">2022-05-31</subfield>
    <subfield code="y">BK</subfield>
    <subfield code="z">2319</subfield>
  </datafield>
  <datafield tag="952" ind1=" " ind2=" ">
    <subfield code="0">0</subfield>
    <subfield code="1">0</subfield>
    <subfield code="4">0</subfield>
    <subfield code="7">0</subfield>
    <subfield code="a">SNCN</subfield>
    <subfield code="b">SNCN</subfield>
    <subfield code="d">2019-06-01</subfield>
    <subfield code="e">REFERENCE BOOK PURCHASE JAYPEE BROTHERS INVOICE NO.1900018</subfield>
    <subfield code="g">351.75</subfield>
    <subfield code="l">17</subfield>
    <subfield code="m">1</subfield>
    <subfield code="p">SNCN-BK-2320</subfield>
    <subfield code="r">2025-07-14 00:00:00</subfield>
    <subfield code="s">2025-06-25</subfield>
    <subfield code="w">2022-05-31</subfield>
    <subfield code="y">BK</subfield>
    <subfield code="z">2320</subfield>
  </datafield>
  <datafield tag="952" ind1=" " ind2=" ">
    <subfield code="0">0</subfield>
    <subfield code="1">0</subfield>
    <subfield code="4">0</subfield>
    <subfield code="7">0</subfield>
    <subfield code="a">SNCN</subfield>
    <subfield code="b">SNCN</subfield>
    <subfield code="d">2019-06-01</subfield>
    <subfield code="e">REFERENCE BOOKPURCHASE JAYPEE BROTHERS INVOICE NO.1900018</subfield>
    <subfield code="g">351.75</subfield>
    <subfield code="l">13</subfield>
    <subfield code="m">2</subfield>
    <subfield code="p">SNCN-BK-2321</subfield>
    <subfield code="r">2025-11-25 13:16:03</subfield>
    <subfield code="s">2025-06-23</subfield>
    <subfield code="w">2022-05-31</subfield>
    <subfield code="y">BK</subfield>
    <subfield code="z">2321</subfield>
  </datafield>
  <datafield tag="952" ind1=" " ind2=" ">
    <subfield code="0">0</subfield>
    <subfield code="1">0</subfield>
    <subfield code="4">0</subfield>
    <subfield code="7">0</subfield>
    <subfield code="a">SNCN</subfield>
    <subfield code="b">SNCN</subfield>
    <subfield code="d">2019-06-01</subfield>
    <subfield code="e">TEXTBOOKPURCHASE JAYPEE BROTHERS INVOICE NO.1900018</subfield>
    <subfield code="g">351.75</subfield>
    <subfield code="l">28</subfield>
    <subfield code="m">3</subfield>
    <subfield code="p">SNCN-BK-2322</subfield>
    <subfield code="r">2025-07-08 00:00:00</subfield>
    <subfield code="s">2025-06-21</subfield>
    <subfield code="w">2022-05-31</subfield>
    <subfield code="y">BK</subfield>
    <subfield code="z">2322</subfield>
  </datafield>
  <datafield tag="952" ind1=" " ind2=" ">
    <subfield code="0">0</subfield>
    <subfield code="1">0</subfield>
    <subfield code="4">0</subfield>
    <subfield code="7">0</subfield>
    <subfield code="a">SNCN</subfield>
    <subfield code="b">SNCN</subfield>
    <subfield code="d">2019-06-01</subfield>
    <subfield code="e">REFERENCE BOOKPURCHASE JAYPEE BROTHERS INVOICE NO.1900018</subfield>
    <subfield code="g">351.75</subfield>
    <subfield code="l">10</subfield>
    <subfield code="m">2</subfield>
    <subfield code="p">SNCN-BK-2323</subfield>
    <subfield code="r">2025-07-19 00:00:00</subfield>
    <subfield code="s">2025-07-03</subfield>
    <subfield code="w">2022-05-31</subfield>
    <subfield code="y">BK</subfield>
    <subfield code="z">2323</subfield>
  </datafield>
</record>
